000 00511nam a2200169 4500
001 148013
003 ES-MaACL
005 20230906202401.0
007 t|
008 070214s1966 sp r ||||1| spa d
100 1 _aSpotts, M. F.
_9107789
245 1 0 _aProyecto de elementos de máquinas /
_cM. F. Spotts ; versión de Manuel Velázquez.
260 _aBarcelona :
_bReverté,
_c1966.
300 _a690 p. :
_bil. ;
_c22 cm.
700 1 _aVelázquez, Manuel.
_9113805
852 _aES-MaACL
_jC-30752
_bR.70129
999 _c148013
_d148013